000 00549nam a2200217Ia 4500
008 210210b1968 xxu||||| |||| 00| 0 eng d
082 _a541.2 FRAM
100 _aFRAGA (Serafin)
245 _aMany electron systems: properties and interactions.
260 _aJapan
_bW B Saunders Co.
_c1968
300 _axvi,196
650 _asystems:
650 _aproperties
650 _aMany
650 _ainteractions.
650 _aelectron
650 _aand
690 _aTheoretical Chemistry
700 _aMALLI (Gulzari).
906 _aCC00096
999 _c108783
_d108783